عرض عادي
عرض مارك
- English language
مدخل مصطلح موضوعي
001 - رقم الضبط
- حقل الضبط: 17351
003 - معرف رقم الضبط
- حقل الضبط: OSt
005 - تاريخ ووقت أخر عملية
- حقل الضبط: 20121002090909.0
008 - عناصر بيانات ثابتة الطول
- حقل تحكم ثابت الطول: 121002|||a|||||| | ||| d
040 ## - مصدر الفهرسة
- هيئة الفهرسة الأصلية: OSt
- وكالة الكتابة: OSt
150 ## - مدخل-- مصطلح تاريخي
- عنصر مدخل المصطلح الموضوعي او الاسم الجغرافي: English language
- تفريع شكلي: Dictionaries
- تفريع عام: Arabic.
670 ## - بيانات المصدر موجوده
- الاستشهاد بالمصدر: Work cat.: (OSt)22397: Oxford wordpower :, 2006.
